000 00558nam a2200205 a 4500
001 BRCA_6556
005 20190320205512.0
008 300911s1917----gw-#######---#000-0#ger-#
041 _ager
044 _agw
050 4 _aQ171
_b.B65 1917
100 1 _aBolsche, Wilhelm
_d1861-1939
_916359
245 1 0 _aNaturgeheimnis
_cWilhelm Bolsche.
260 _aJena y Leipzig, Alemania
_bEugen Diederichs
_c1917
300 _aviii, 311 p.
_c22 cm.
500 _aL98
650 1 4 _aCiencia
_vDiscursos, ensayos, conferencias
_916049
902 _aGFM
942 _2lcc
_cB
999 _c6240
_d6240